| 000 | 00736cam a2200253 a 4500 | ||
|---|---|---|---|
| 001 | 17110132 | ||
| 005 | 20180315061934.0 | ||
| 008 | 120109s2013 maua b 001 0 eng | ||
| 010 | _a 2011053398 | ||
| 020 | _a9780132911986 | ||
| 020 | _a0132911981 | ||
| 040 |
_aDLC _cDLC _dDLC |
||
| 041 | _aeng | ||
| 042 | _apcc | ||
| 080 | _a338.5 HUB | ||
| 082 | 0 | 0 |
_a338.5 HUB _223 |
| 100 | 1 | _a52 | |
| 101 | _aMIK | ||
| 245 | 1 | 0 |
_aMicroeconomics / _cR. Glenn Hubbard, Anthony Patrick O'Brien. |
| 504 | _aIncludes bibliographical references and indexes. | ||
| 906 |
_a7 _bcbc _corignew _d1 _eecip _f20 _gy-gencatlg |
||
| 942 |
_2ddc _cBK |
||
| 999 |
_c45121 _d45121 |
||